000 00328nam a22001457a 4500
020 _a978-81-940530-1-2
082 _a894.812.3
_bHAM/K
100 _aHAMSAKOYA , P.A
245 _aKADAL KADANNU VANNA MOHAPAKSHI
260 _aTHRISSUR
_bCURRENT BOOKS
_c2022
300 _a167
520 _aNOVEL
650 _aNOVEL
942 _cBK
999 _c4926
_d4926